Dinge mit F - Statistiken

Allgemein
  • Dieses Quiz wurde 104 mal gespielt
    52 seit der letzten Aktualisierung
  • Das Durchschnittsergebnis liegt bei 23 aus 32
Antwortstatistiken
Bildquiz Antwort % Korrekt
Fragezeichen
100%
Frühstück
100%
Familie
98%
Federball
98%
Feuerwerk
98%
Feuerzeug
98%
Flaschenpost
98%
Ferrari
96%
Flamingo
96%
Fohlen
96%
Flughafen
93%
Froschkönig
93%
Fleisch
89%
Flammkuchen
87%
Flip Flops
87%
Flut
87%
Frankreich
85%
Forelle
78%
Flohmarkt
76%
Fruchtzwerge
76%
Frech
74%
Felix
72%
Florian Wirtz
54%
Fata Morgana
50%
Filz
50%
Filter
48%
Flensburg
41%
Fingerhut
39%
Friedrich Schiller
37%
Foundation
26%
Frederick Lau
20%
Flit
0%
Keine übereinstimmenden Quizze gefunden
Verteilung der Resultate
Anzahl Personen mit jedem Resultat
Perzentil nach korrekt beantworteten Fragen
Ihre Resultats-Entwicklung
Sie haben dieses Quiz seit der letzten Aktualisierung nicht gespielt